000
00333nam a2200157Ia 4500
100
_a
Roy/Uttam
650
_a
Web technologies
942
_c
BK
366
_f
25
245
_a
Web technologies
260
_b
Oxford Higher Education
_c
2010
082
_a
4.65
_b
ROY
300
_a
758
546
_a
ENGLISH
_c
electronics
999
_c
31354
_d
31354